000 00652nam a2200229 a 4500
001 BRCA_6282
005 20190320205410.0
008 030811s1900----fr-a######---#000-0#fre-#
041 _afre
044 _afr
050 4 _aPQ2367
_b.M94 S3
_c1900
100 1 _aMurger, Henri
_d1822-1861
_915756
245 1 0 _aScènes de la vie de Bohème
_cHenry Murger; ill. de Paul Destez.
260 _aParís
_bCalmann-Levy
_c[1900]
300 _a158 p.
_bil.
_c24 cm.
500 _aEstado físico: Encuadernación deteriorada
500 _aK141
650 1 4 _aLiteratura francesa
_915757
700 1 _aDestez, Paul
_eil.
_915758
902 _aGFM
942 _2lcc
_cB
999 _c5969
_d5969